[Event "Deutsche Ländermeisterschaft 2025"]
[Site "Oer-Erkenschwick GER"]
[Date "2025.10.01"]
[Round "1"]
[White "Ahryzkov, Ivan"]
[Black "Reich, Elisabeth"]
[Result "1/2-1/2"]
[Termination "normal"]
[Board "3.5"]
[WhiteElo "1870"]
[BlackElo "1894"]
[WhiteClock "00:04:14"]
[BlackClock "00:06:40"]
[WhiteTeam "Hamburg 1"]
[BlackTeam "Bayern"]
[PlyCount "174"]
[WhiteFideId "34123750"]
[BlackFideId "16239776"]
[EventCountry "GER"]
[EventRounds "7"]
[EventType "team-swiss"]
[EventDate "2025.09.30"]

1. e4 {[%clk 01:30:57]} {[%emt 00:00:01]} c5 {[%clk 01:30:57]} {[%emt
00:00:04]} 2. d4 {[%clk 01:31:20]} {[%emt 00:00:07]} cxd4 {[%clk 01:31:21]}
{[%emt 00:00:06]} 3. Qxd4 {[%clk 01:31:47]} {[%emt 00:00:03]} Nc6 {[%clk
01:31:38]} {[%emt 00:00:13]} 4. Qd3 {[%clk 01:32:12]} {[%emt 00:00:04]} d6
{[%clk 01:30:56]} {[%emt 00:01:13]} 5. Nf3 {[%clk 01:32:20]} {[%emt 00:00:22]}
g6 {[%clk 01:30:14]} {[%emt 00:01:12]} 6. Be2 {[%clk 01:31:16]} {[%emt
00:01:34]} Bg7 {[%clk 01:30:36]} {[%emt 00:00:08]} 7. O-O {[%clk 01:30:43]}
{[%emt 00:01:02]} Nf6 {[%clk 01:30:45]} {[%emt 00:00:20]} 8. Nc3 {[%clk
01:31:08]} {[%emt 00:00:06]} O-O {[%clk 01:30:27]} {[%emt 00:00:49]} 9. Nd5
{[%clk 01:31:27]} {[%emt 00:00:10]} Bg4 {[%clk 01:27:02]} {[%emt 00:03:55]} 10.
c3 {[%clk 01:24:38]} {[%emt 00:07:19]} Rc8 {[%clk 01:19:19]} {[%emt 00:08:12]}
11. Bg5 {[%clk 01:18:11]} {[%emt 00:06:58]} Bxf3 {[%clk 01:10:33]} {[%emt
00:09:16]} 12. Qxf3 {[%clk 01:17:38]} {[%emt 00:01:02]} Nd7 {[%clk 01:03:33]}
{[%emt 00:07:30]} 13. Qe3 {[%clk 00:57:54]} {[%emt 00:20:13]} Qe8 {[%clk
00:51:57]} {[%emt 00:12:06]} 14. Bb5 {[%clk 00:41:44]} {[%emt 00:16:41]} f6
{[%clk 00:48:57]} {[%emt 00:03:29]} 15. Bh6 {[%clk 00:41:12]} {[%emt 00:01:02]}
g5 {[%clk 00:46:52]} {[%emt 00:02:36]} 16. Bxg7 {[%clk 00:39:43]} {[%emt
00:01:59]} Kxg7 {[%clk 00:47:20]} {[%emt 00:00:02]} 17. Qg3 {[%clk 00:38:52]}
{[%emt 00:01:21]} a6 {[%clk 00:39:17]} {[%emt 00:08:33]} 18. Bd3 {[%clk
00:31:31]} {[%emt 00:07:49]} Nce5 {[%clk 00:36:27]} {[%emt 00:03:20]} 19. Bc2
{[%clk 00:30:01]} {[%emt 00:02:01]} Ng6 {[%clk 00:34:15]} {[%emt 00:02:42]} 20.
f4 {[%clk 00:27:29]} {[%emt 00:03:03]} h6 {[%clk 00:34:11]} {[%emt 00:00:33]}
21. Bd1 {[%clk 00:21:47]} {[%emt 00:06:12]} Rg8 {[%clk 00:24:49]} {[%emt
00:09:51]} 22. Bh5 {[%clk 00:15:21]} {[%emt 00:06:58]} Qd8 {[%clk 00:23:00]}
{[%emt 00:02:17]} 23. fxg5 {[%clk 00:09:38]} {[%emt 00:06:14]} hxg5 {[%clk
00:22:44]} {[%emt 00:00:46]} 24. Bxg6 {[%clk 00:08:03]} {[%emt 00:02:05]} Kxg6
{[%clk 00:23:11]} {[%emt 00:00:03]} 25. h4 {[%clk 00:08:25]} {[%emt 00:00:07]}
e6 {[%clk 00:14:34]} {[%emt 00:09:08]} 26. Nf4+ {[%clk 00:04:59]} {[%emt
00:03:55]} Kf7 {[%clk 00:14:32]} {[%emt 00:00:32]} 27. hxg5 {[%clk 00:05:08]}
{[%emt 00:00:22]} Rxg5 {[%clk 00:14:50]} {[%emt 00:00:12]} 28. Qh3 {[%clk
00:05:28]} {[%emt 00:00:09]} Qb6+ {[%clk 00:13:45]} {[%emt 00:01:35]} 29. Rf2
{[%clk 00:05:19]} {[%emt 00:00:38]} Re8 {[%clk 00:13:55]} {[%emt 00:00:20]} 30.
Qh7+ {[%clk 00:02:17]} {[%emt 00:03:33]} Rg7 {[%clk 00:14:00]} {[%emt
00:00:23]} 31. Qh5+ {[%clk 00:02:44]} {[%emt 00:00:04]} Ke7 {[%clk 00:14:19]}
{[%emt 00:00:11]} 32. Nxe6 {[%clk 00:02:23]} {[%emt 00:00:52]} Rgg8 {[%clk
00:10:51]} {[%emt 00:03:57]} 33. Nf4 {[%clk 00:02:05]} {[%emt 00:00:48]} Kd8
{[%clk 00:11:19]} {[%emt 00:00:03]} 34. Nd5 {[%clk 00:02:05]} {[%emt 00:00:29]}
Qa7 {[%clk 00:10:13]} {[%emt 00:01:36]} 35. Qf3 {[%clk 00:01:53]} {[%emt
00:00:42]} Ref8 {[%clk 00:10:20]} {[%emt 00:00:24]} 36. Qe3 {[%clk 00:01:24]}
{[%emt 00:00:58]} Qxe3 {[%clk 00:09:52]} {[%emt 00:00:58]} 37. Nxe3 {[%clk
00:01:51]} {[%emt 00:00:03]} Nc5 {[%clk 00:10:14]} {[%emt 00:00:09]} 38. Rf4
{[%clk 00:01:17]} {[%emt 00:01:04]} Nd3 {[%clk 00:10:30]} {[%emt 00:00:14]} 39.
Rf5 {[%clk 00:01:31]} {[%emt 00:00:15]} Nc5 {[%clk 00:06:54]} {[%emt 00:04:06]}
40. Rd1 {[%clk 00:00:35]} {[%emt 00:01:26]} Nxe4 {[%clk 00:06:41]} {[%emt
00:00:42]} 41. Rf4 {[%clk 00:29:21]} {[%emt 00:01:44]} Ng3 {[%clk 00:36:20]}
{[%emt 00:00:50]} 42. Kf2 {[%clk 00:24:30]} {[%emt 00:05:23]} Re8 {[%clk
00:30:48]} {[%emt 00:06:01]} 43. Rxd6+ {[%clk 00:13:28]} {[%emt 00:11:33]} Kc7
{[%clk 00:30:21]} {[%emt 00:00:55]} 44. Rd1 {[%clk 00:13:06]} {[%emt 00:00:53]}
Ne4+ {[%clk 00:29:00]} {[%emt 00:01:51]} 45. Kg1 {[%clk 00:12:15]} {[%emt
00:01:22]} Ng3 {[%clk 00:25:09]} {[%emt 00:04:20]} 46. Nd5+ {[%clk 00:10:48]}
{[%emt 00:01:58]} Kb8 {[%clk 00:25:31]} {[%emt 00:00:08]} 47. Rxf6 {[%clk
00:10:07]} {[%emt 00:01:11]} Re2 {[%clk 00:25:31]} {[%emt 00:00:26]} 48. Rf2
{[%clk 00:10:08]} {[%emt 00:00:32]} Re6 {[%clk 00:23:31]} {[%emt 00:02:28]} 49.
Nf4 {[%clk 00:07:23]} {[%emt 00:03:18]} Rh6 {[%clk 00:20:14]} {[%emt 00:03:46]}
50. Nh3 {[%clk 00:05:33]} {[%emt 00:02:21]} Ne4 {[%clk 00:20:29]} {[%emt
00:00:12]} 51. Rf3 {[%clk 00:05:49]} {[%emt 00:00:12]} Rb6 {[%clk 00:18:26]}
{[%emt 00:02:33]} 52. Rd4 {[%clk 00:04:18]} {[%emt 00:02:05]} Ng3 {[%clk
00:17:02]} {[%emt 00:01:53]} 53. Rd2 {[%clk 00:04:25]} {[%emt 00:00:23]} Re6
{[%clk 00:15:16]} {[%emt 00:02:16]} 54. Kh2 {[%clk 00:03:56]} {[%emt 00:00:59]}
Reg6 {[%clk 00:12:50]} {[%emt 00:02:54]} 55. Rdf2 {[%clk 00:03:31]} {[%emt
00:00:54]} Ka7 {[%clk 00:12:42]} {[%emt 00:00:42]} 56. b3 {[%clk 00:02:19]}
{[%emt 00:01:42]} Ne4 {[%clk 00:12:47]} {[%emt 00:00:24]} 57. Re2 {[%clk
00:02:43]} {[%emt 00:00:06]} Nc5 {[%clk 00:12:08]} {[%emt 00:01:08]} 58. Nf4
{[%clk 00:02:40]} {[%emt 00:00:33]} Rh6+ {[%clk 00:12:24]} {[%emt 00:00:15]}
59. Kg1 {[%clk 00:03:04]} {[%emt 00:00:06]} Rd6 {[%clk 00:12:32]} {[%emt
00:00:22]} 60. c4 {[%clk 00:02:34]} {[%emt 00:01:02]} Nd7 {[%clk 00:12:20]}
{[%emt 00:00:41]} 61. Nd5 {[%clk 00:02:44]} {[%emt 00:00:20]} Rg4 {[%clk
00:11:45]} {[%emt 00:01:05]} 62. Rf7 {[%clk 00:02:17]} {[%emt 00:00:55]} Nc5
{[%clk 00:11:32]} {[%emt 00:00:44]} 63. Rf4 {[%clk 00:01:57]} {[%emt 00:00:50]}
Rg3 {[%clk 00:11:09]} {[%emt 00:00:51]} 64. Rd2 {[%clk 00:01:54]} {[%emt
00:00:32]} Rdg6 {[%clk 00:10:57]} {[%emt 00:00:44]} 65. Rfd4 {[%clk 00:01:34]}
{[%emt 00:00:50]} Ne6 {[%clk 00:10:54]} {[%emt 00:00:32]} 66. R4d3 {[%clk
00:02:02]} {[%emt 00:00:05]} R3g4 {[%clk 00:10:51]} {[%emt 00:00:31]} 67. Re3
{[%clk 00:01:58]} {[%emt 00:00:35]} Ng5 {[%clk 00:10:55]} {[%emt 00:00:24]} 68.
Ne7 {[%clk 00:01:46]} {[%emt 00:00:44]} Rg7 {[%clk 00:11:05]} {[%emt 00:00:19]}
69. Nf5 {[%clk 00:01:52]} {[%emt 00:00:23]} Rg6 {[%clk 00:11:04]} {[%emt
00:00:32]} 70. Nd6 {[%clk 00:01:34]} {[%emt 00:00:49]} Rf4 {[%clk 00:10:56]}
{[%emt 00:00:36]} 71. Kh2 {[%clk 00:01:24]} {[%emt 00:00:41]} Rh4+ {[%clk
00:11:03]} {[%emt 00:00:23]} 72. Kg3 {[%clk 00:00:51]} {[%emt 00:01:05]} Rhh6
{[%clk 00:11:16]} {[%emt 00:00:15]} 73. Kf4 {[%clk 00:00:39]} {[%emt 00:00:42]}
Ne6+ {[%clk 00:10:13]} {[%emt 00:01:35]} 74. Ke4 {[%clk 00:00:41]} {[%emt
00:00:26]} Nc5+ {[%clk 00:09:34]} {[%emt 00:01:09]} 75. Ke5 {[%clk 00:00:35]}
{[%emt 00:00:34]} Re6+ {[%clk 00:09:45]} {[%emt 00:00:21]} 76. Kf4 {[%clk
00:00:58]} {[%emt 00:00:08]} Rxd6 {[%clk 00:08:44]} {[%emt 00:01:31]} 77. Rxd6
{[%clk 00:01:24]} {[%emt 00:00:04]} Rxd6 {[%clk 00:09:13]} {[%emt 00:00:01]}
78. g4 {[%clk 00:01:44]} {[%emt 00:00:11]} Rf6+ {[%clk 00:08:22]} {[%emt
00:01:19]} 79. Kg5 {[%clk 00:02:06]} {[%emt 00:00:10]} Rf2 {[%clk 00:08:07]}
{[%emt 00:00:45]} 80. b4 {[%clk 00:02:28]} {[%emt 00:00:08]} Nd7 {[%clk
00:08:23]} {[%emt 00:00:12]} 81. a3 {[%clk 00:02:22]} {[%emt 00:00:37]} Nb6
{[%clk 00:08:27]} {[%emt 00:00:24]} 82. c5 {[%clk 00:02:17]} {[%emt 00:00:37]}
Nc4 {[%clk 00:08:53]} {[%emt 00:00:04]} 83. Rc3 {[%clk 00:02:39]} {[%emt
00:00:06]} Nd2 {[%clk 00:09:13]} {[%emt 00:00:12]} 84. Kg6 {[%clk 00:03:01]}
{[%emt 00:00:08]} Rg2 {[%clk 00:09:23]} {[%emt 00:00:20]} 85. Kf5 {[%clk
00:03:27]} {[%emt 00:00:05]} Rf2+ {[%clk 00:09:31]} {[%emt 00:00:21]} 86. Kg6
{[%clk 00:03:52]} {[%emt 00:00:06]} Rg2 {[%clk 00:06:30]} {[%emt 00:03:32]} 87.
Kf5 {[%clk 00:04:14]} {[%emt 00:00:07]} Rf2+ {[%clk 00:06:40]} {[%emt
00:00:19]} 1/2-1/2

[Event "Deutsche Ländermeisterschaft 2025"]
[Site "Oer-Erkenschwick GER"]
[Date "2025.10.01"]
[Round "1"]
[White "Ranganathan, Aadith"]
[Black "Kutlar, Aras"]
[Result "1-0"]
[Termination "normal"]
[Board "3.6"]
[WhiteElo "1923"]
[BlackElo "1819"]
[WhiteClock "00:21:53"]
[BlackClock "00:03:22"]
[WhiteTeam "Bayern"]
[BlackTeam "Hamburg 1"]
[PlyCount "97"]
[WhiteFideId "34667121"]
[BlackFideId "51682117"]
[EventCountry "GER"]
[EventRounds "7"]
[EventType "team-swiss"]
[EventDate "2025.09.30"]

1. e4 {[%clk 01:30:55]} {[%emt 00:00:05]} c5 {[%clk 01:30:42]} {[%emt
00:00:18]} 2. Nf3 {[%clk 01:31:18]} {[%emt 00:00:07]} d6 {[%clk 01:30:38]}
{[%emt 00:00:34]} 3. d4 {[%clk 01:31:47]} {[%emt 00:00:01]} cxd4 {[%clk
01:30:43]} {[%emt 00:00:25]} 4. Nxd4 {[%clk 01:32:09]} {[%emt 00:00:07]} Nf6
{[%clk 01:30:54]} {[%emt 00:00:20]} 5. Nc3 {[%clk 01:32:31]} {[%emt 00:00:07]}
Nc6 {[%clk 01:31:11]} {[%emt 00:00:14]} 6. Be2 {[%clk 01:32:22]} {[%emt
00:00:39]} e5 {[%clk 01:30:25]} {[%emt 00:01:15]} 7. Nf3 {[%clk 01:32:06]}
{[%emt 00:00:47]} h6 {[%clk 01:30:12]} {[%emt 00:00:43]} 8. O-O {[%clk
01:29:27]} {[%emt 00:03:09]} Be7 {[%clk 01:27:36]} {[%emt 00:03:07]} 9. Bc4
{[%clk 01:28:47]} {[%emt 00:01:10]} O-O {[%clk 01:27:33]} {[%emt 00:00:33]} 10.
h3 {[%clk 01:28:44]} {[%emt 00:00:33]} Be6 {[%clk 01:24:56]} {[%emt 00:03:06]}
11. Bb3 {[%clk 01:25:25]} {[%emt 00:03:48]} Qd7 {[%clk 01:21:47]} {[%emt
00:03:39]} 12. Be3 {[%clk 01:25:03]} {[%emt 00:00:52]} Kh7 {[%clk 01:17:09]}
{[%emt 00:05:08]} 13. Qd2 {[%clk 01:22:58]} {[%emt 00:02:36]} Rg8 {[%clk
01:13:26]} {[%emt 00:04:13]} 14. Nh2 {[%clk 01:20:41]} {[%emt 00:02:47]} g5
{[%clk 01:12:19]} {[%emt 00:01:37]} 15. f3 {[%clk 01:20:33]} {[%emt 00:00:38]}
Nh5 {[%clk 01:08:18]} {[%emt 00:04:31]} 16. Bxe6 {[%clk 01:18:12]} {[%emt
00:02:51]} fxe6 {[%clk 01:07:58]} {[%emt 00:00:47]} 17. Bf2 {[%clk 01:18:04]}
{[%emt 00:00:40]} Nf4 {[%clk 01:07:02]} {[%emt 00:01:26]} 18. Ne2 {[%clk
01:16:43]} {[%emt 00:01:51]} h5 {[%clk 01:06:36]} {[%emt 00:00:56]} 19. Ng3
{[%clk 01:14:25]} {[%emt 00:02:48]} Raf8 {[%clk 01:05:47]} {[%emt 00:01:19]}
20. Be3 {[%clk 01:08:46]} {[%emt 00:06:09]} d5 {[%clk 01:04:56]} {[%emt
00:01:21]} 21. Rad1 {[%clk 00:57:02]} {[%emt 00:12:14]} Qe8 {[%clk 01:01:05]}
{[%emt 00:04:20]} 22. exd5 {[%clk 00:54:12]} {[%emt 00:03:22]} exd5 {[%clk
01:00:40]} {[%emt 00:00:54]} 23. Rfe1 {[%clk 00:52:59]} {[%emt 00:01:44]} d4
{[%clk 00:58:19]} {[%emt 00:02:51]} 24. Bf2 {[%clk 00:49:50]} {[%emt 00:03:39]}
Qg6 {[%clk 00:55:27]} {[%emt 00:03:22]} 25. a3 {[%clk 00:46:49]} {[%emt
00:03:32]} g4 {[%clk 00:50:28]} {[%emt 00:05:29]} 26. hxg4 {[%clk 00:44:50]}
{[%emt 00:02:29]} Bg5 {[%clk 00:49:23]} {[%emt 00:01:34]} 27. gxh5 {[%clk
00:44:09]} {[%emt 00:01:10]} Qf7 {[%clk 00:46:02]} {[%emt 00:03:53]} 28. Kh1
{[%clk 00:43:54]} {[%emt 00:00:44]} Bh4 {[%clk 00:44:59]} {[%emt 00:01:34]} 29.
Ng4 {[%clk 00:43:26]} {[%emt 00:00:58]} Rg5 {[%clk 00:35:49]} {[%emt 00:09:40]}
30. h6 {[%clk 00:35:25]} {[%emt 00:08:32]} Nxg2 {[%clk 00:29:57]} {[%emt
00:06:22]} 31. Qd3+ {[%clk 00:32:47]} {[%emt 00:03:09]} Kh8 {[%clk 00:29:59]}
{[%emt 00:00:28]} 32. Ne4 {[%clk 00:30:27]} {[%emt 00:02:49]} Rxg4 {[%clk
00:25:11]} {[%emt 00:05:18]} 33. fxg4 {[%clk 00:30:39]} {[%emt 00:00:19]} Nxe1
{[%emt 00:00:45]} 34. Rxe1 {[%clk 00:29:32]} {[%emt 00:01:35]} Bxf2 {[%clk
00:23:45]} {[%emt 00:01:41]} 35. Rf1 {[%clk 00:29:43]} {[%emt 00:00:19]} Qe7
{[%clk 00:21:44]} {[%emt 00:02:32]} 36. Rxf2 {[%clk 00:23:22]} {[%emt
00:06:52]} Qh4+ {[%clk 00:21:21]} {[%emt 00:00:52]} 37. Kg1 {[%clk 00:20:38]}
{[%emt 00:03:12]} Qxg4+ {[%clk 00:20:50]} {[%emt 00:01:04]} 38. Rg2 {[%clk
00:20:07]} {[%emt 00:01:02]} Qf5 {[%clk 00:07:42]} {[%emt 00:13:38]} 39. Qg3
{[%clk 00:19:56]} {[%emt 00:00:40]} Qf1+ {[%clk 00:04:14]} {[%emt 00:03:58]}
40. Kh2 {[%clk 00:20:16]} {[%emt 00:00:10]} Qf4 {[%clk 00:04:32]} {[%emt
00:00:13]} 41. Qxf4 {[%clk 00:20:06]} {[%emt 00:00:40]} exf4 {[%clk 00:04:49]}
{[%emt 00:00:12]} 42. Rg7 {[%clk 00:20:24]} {[%emt 00:00:14]} f3 {[%clk
00:03:51]} {[%emt 00:01:27]} 43. Ng5 {[%clk 00:20:16]} {[%emt 00:00:37]} Ne5
{[%clk 00:03:54]} {[%emt 00:00:27]} 44. Kg1 {[%clk 00:20:03]} {[%emt 00:00:42]}
Rf6 {[%clk 00:03:03]} {[%emt 00:01:21]} 45. Re7 {[%clk 00:20:15]} {[%emt
00:00:19]} Ng6 {[%clk 00:02:38]} {[%emt 00:00:54]} 46. Rh7+ {[%clk 00:20:37]}
{[%emt 00:00:09]} Kg8 {[%clk 00:03:00]} {[%emt 00:00:08]} 47. Rg7+ {[%clk
00:21:03]} {[%emt 00:00:04]} Kh8 {[%clk 00:03:03]} {[%emt 00:00:28]} 48. Nf7+
{[%clk 00:21:28]} {[%emt 00:00:05]} Rxf7 {[%clk 00:03:22]} {[%emt 00:00:10]}
49. Rxf7 {[%clk 00:21:53]} {[%emt 00:00:05]} 1-0

[Event "Deutsche Ländermeisterschaft 2025"]
[Site "Oer-Erkenschwick GER"]
[Date "2025.10.01"]
[Round "1"]
[White "Busch, Lara Sophie"]
[Black "Prokscha, Charlotte"]
[Result "0-1"]
[Termination "normal"]
[Board "3.7"]
[WhiteElo "1704"]
[BlackElo "1767"]
[WhiteClock "00:01:40"]
[BlackClock "00:08:45"]
[WhiteTeam "Hamburg 1"]
[BlackTeam "Bayern"]
[PlyCount "82"]
[WhiteFideId "34664866"]
[BlackFideId "34614699"]
[EventCountry "GER"]
[EventRounds "7"]
[EventType "team-swiss"]
[EventDate "2025.09.30"]

1. e4 {[%clk 01:30:58]} {[%emt 00:00:01]} c5 {[%clk 01:30:52]} {[%emt
00:00:08]} 2. Nc3 {[%clk 01:31:20]} {[%emt 00:00:08]} Nc6 {[%clk 01:31:15]}
{[%emt 00:00:07]} 3. g3 {[%clk 01:31:41]} {[%emt 00:00:10]} g6 {[%clk
01:31:40]} {[%emt 00:00:05]} 4. Bg2 {[%clk 01:32:01]} {[%emt 00:00:09]} Bg7
{[%clk 01:31:48]} {[%emt 00:00:23]} 5. d3 {[%clk 01:32:20]} {[%emt 00:00:11]}
d6 {[%clk 01:32:13]} {[%emt 00:00:04]} 6. Be3 {[%clk 01:32:26]} {[%emt
00:00:24]} e6 {[%clk 01:32:30]} {[%emt 00:00:13]} 7. f4 {[%clk 01:32:29]}
{[%emt 00:00:27]} Nge7 {[%clk 01:32:52]} {[%emt 00:00:08]} 8. Nf3 {[%clk
01:32:31]} {[%emt 00:00:28]} O-O {[%clk 01:32:36]} {[%emt 00:00:46]} 9. O-O
{[%clk 01:32:50]} {[%emt 00:00:12]} Rb8 {[%clk 01:32:47]} {[%emt 00:00:19]} 10.
Rb1 {[%clk 01:28:50]} {[%emt 00:04:30]} b5 {[%clk 01:31:32]} {[%emt 00:01:45]}
11. g4 {[%clk 01:27:55]} {[%emt 00:01:24]} b4 {[%clk 01:28:21]} {[%emt
00:03:41]} 12. Ne2 {[%clk 01:27:38]} {[%emt 00:00:46]} Qa5 {[%clk 01:27:50]}
{[%emt 00:01:00]} 13. d4 {[%clk 01:10:18]} {[%emt 00:17:51]} cxd4 {[%clk
01:09:27]} {[%emt 00:18:52]} 14. Nfxd4 {[%clk 01:07:55]} {[%emt 00:02:53]} Rd8
{[%clk 01:06:00]} {[%emt 00:03:56]} 15. Qd2 {[%clk 00:53:55]} {[%emt 00:14:31]}
Bh8 {[%clk 00:55:09]} {[%emt 00:11:20]} 16. b3 {[%clk 00:44:56]} {[%emt
00:09:31]} Nxd4 {[%clk 00:52:54]} {[%emt 00:02:45]} 17. Bxd4 {[%clk 00:42:15]}
{[%emt 00:03:10]} e5 {[%clk 00:52:42]} {[%emt 00:00:42]} 18. Be3 {[%clk
00:40:10]} {[%emt 00:02:36]} Bxg4 {[%clk 00:52:22]} {[%emt 00:00:51]} 19. h3
{[%clk 00:34:07]} {[%emt 00:06:33]} Be6 {[%clk 00:50:22]} {[%emt 00:02:29]} 20.
a3 {[%clk 00:33:33]} {[%emt 00:01:05]} exf4 {[%clk 00:43:27]} {[%emt 00:07:25]}
21. Bd4 {[%clk 00:22:50]} {[%emt 00:11:14]} Bxd4+ {[%clk 00:36:10]} {[%emt
00:07:47]} 22. Nxd4 {[%clk 00:19:37]} {[%emt 00:03:42]} Qc5 {[%clk 00:34:54]}
{[%emt 00:01:43]} 23. Kh1 {[%clk 00:15:14]} {[%emt 00:04:55]} g5 {[%clk
00:30:08]} {[%emt 00:05:15]} 24. a4 {[%clk 00:12:47]} {[%emt 00:02:57]} Rbc8
{[%clk 00:29:01]} {[%emt 00:01:37]} 25. h4 {[%clk 00:09:42]} {[%emt 00:03:36]}
h6 {[%clk 00:27:55]} {[%emt 00:01:35]} 26. Rf2 {[%clk 00:07:56]} {[%emt
00:02:16]} Nc6 {[%clk 00:26:26]} {[%emt 00:01:59]} 27. Nxe6 {[%clk 00:07:12]}
{[%emt 00:01:15]} fxe6 {[%clk 00:26:46]} {[%emt 00:00:10]} 28. Bh3 {[%clk
00:06:40]} {[%emt 00:01:02]} Kf7 {[%clk 00:19:12]} {[%emt 00:08:03]} 29. Qe2
{[%clk 00:06:18]} {[%emt 00:00:53]} Ke7 {[%clk 00:17:48]} {[%emt 00:01:53]} 30.
Rg2 {[%clk 00:05:33]} {[%emt 00:01:16]} Rh8 {[%clk 00:12:18]} {[%emt 00:06:00]}
31. Qh5 {[%clk 00:05:07]} {[%emt 00:00:56]} Rcg8 {[%clk 00:12:21]} {[%emt
00:00:27]} 32. Rbg1 {[%clk 00:04:30]} {[%emt 00:01:07]} Ne5 {[%clk 00:11:24]}
{[%emt 00:01:27]} 33. Qd1 {[%clk 00:03:16]} {[%emt 00:01:44]} Qc3 {[%clk
00:11:01]} {[%emt 00:00:51]} 34. Bg4 {[%clk 00:01:24]} {[%emt 00:02:24]} Nxg4
{[%clk 00:08:45]} {[%emt 00:02:45]} 35. Qxg4 {[%clk 00:01:51]} {[%emt
00:00:03]} h5 {[%clk 00:08:53]} {[%emt 00:00:22]} 36. Qxg5+ {[%clk 00:01:02]}
{[%emt 00:01:20]} Rxg5 {[%clk 00:09:17]} {[%emt 00:00:06]} 37. hxg5 {[%clk
00:01:19]} {[%emt 00:00:12]} h4 {[%clk 00:08:11]} {[%emt 00:01:36]} 38. Rf1
{[%clk 00:01:17]} {[%emt 00:00:32]} Qh3+ {[%clk 00:08:19]} {[%emt 00:00:20]}
39. Kg1 {[%clk 00:01:37]} {[%emt 00:00:12]} f3 {[%clk 00:08:19]} {[%emt
00:00:30]} 40. Rgf2 {[%clk 00:01:31]} {[%emt 00:00:36]} Qg3+ {[%clk 00:08:30]}
{[%emt 00:00:19]} 41. Kh1 {[%clk 00:01:40]} {[%emt 00:00:22]} h3 {[%clk
00:08:45]} {[%emt 00:00:14]} 0-1